| 000 | 00379nam a22001337a 4500 | ||
|---|---|---|---|
| 005 | 20240807121606.0 | ||
| 008 | 240807b |||||||| |||| 00| 0 eng d | ||
| 020 | _a1-4020-7696-7 | ||
| 100 | _aCHATTOPADHYAY RAMNARAYAN | ||
| 245 | _aADVANCED THERMALLY ASSISTED SURFACE ENGINEERING PROCESSES | ||
| 260 |
_aMUMBAI _bKLUWER _c2004 |
||
| 500 | _aINCLUDES AN INDEX | ||
| 942 |
_2lcc _cBK |
||
| 999 |
_c211328 _d211328 |
||